000
00474nam a2200145Ia 4500
008
090122s9999 xx 000 0 und d
082
_b
5286
_a
L : 54
100
_a
कोल्हटकर
_b
वर्षा
_c
डॉ
245
_a
सौदर्यविज्ञान
600
_a
कोल्हटकर
630
_a
सौदर्यविज्ञान
700
_a
कोल्हटकर
730
_a
सौदर्यविज्ञान
942
_c
BOOK
999
_c
29364
_d
29364